Statistics for Sarah Close Songs Quiz

Click here to take the quiz!

General Stats

  • This quiz has been taken 6 times
    (2 since last reset)
  • The average score is 12 of 19

Answer Stats

Album/EPSong% Correct
And Now, We're ShiningAlmost
100%
Caught Up - EPCaught Up
100%
And Now, We're ShiningCool
100%
And Now, We're ShiningIf It Was Me
100%
Singlelondon
100%
SingleOnly You
100%
And Now, We're ShiningYou Say
100%
Caught Up - EPCall Me Out
50%
And Now, We're ShiningCrazy Kind
50%
SingleHead & Heart
50%
SingleI Can't Trust Myself
50%
Caught Up - EPMaestro
50%
SingleMoonlight (with Phantoms)
50%
And Now, We're ShiningPatterns
50%
Caught Up - EPPerfect After All
50%
And Now, We're ShiningStay
50%
SingleCrawl (with Syn Cole)
0%
SingleForgive & Forget
0%
SingleThis Christmas
0%

Score Distribution

Percentile by Number Answered

Percent of People with Each Score

Your Score History

You have not taken this quiz since the last reset